Getting a grip on the basics: (Record no. 3818)

000 -LEADER
fixed length control field 00638nam a2200181 a 4500
001 - CONTROL NUMBER
control field :::00001553$&:&@@
003 - CONTROL NUMBER IDENTIFIER
control field OkBaRHE
005 - DATE AND TIME OF LATEST TRANSACTION
control field 20100331161316.0
008 - FIXED-LENGTH DATA ELEMENTS--GENERAL INFORMATION
fixed length control field s1994 j 000 0 eng u
040 ## - CATALOGING SOURCE
Transcribing agency
100 1# - MAIN ENTRY--PERSONAL NAME
Personal name Jones, Beth.
245 10 - TITLE STATEMENT
Title Getting a grip on the basics:
Remainder of title building a firm foundation for the victorious Christian life.
260 ## - PUBLICATION, DISTRIBUTION, ETC. (IMPRINT)
Place of publication, distribution, etc Tulsa, OK., :
Name of publisher, distributor, etc Harrison House
Date of publication, distribution, etc 1994
300 ## - PHYSICAL DESCRIPTION
Extent 124 p. ;
Dimensions 28 cm.
650 ## - SUBJECT ADDED ENTRY--TOPICAL TERM
Topical term or geographic name as entry element Bible
General subdivision Study
942 ## - ADDED ENTRY ELEMENTS (KOHA)
Source of classification or shelving scheme
Koha item type Books
Copies
Date last seen Date acquired Not for loan Source of classification or shelving scheme Lost status Koha item type Price effective from Damaged status Barcode Shelving location Withdrawn status Total Checkouts Copy number Current Location Permanent Location Date checked out Total Renewals Full call number
2011-02-112010-04-14   Books2010-04-14 1553General Stacks 21RHEMA Bible Training CollegeRHEMA Bible Training College2010-12-154BS 600 .J6 1994